Computing concepts with Java 2 essentials / (Record no. 6263)

MARC details
000 -LEADER
fixed length control field 01277cam a2200205 a 4500
020 ## - INTERNATIONAL STANDARD BOOK NUMBER
ISBN 0471346098 (paper : alk. paper)
022 ## - INTERNATIONAL STANDARD SERIAL NUMBER
ISSN 9780471346098
050 00 - CALL NUMBER
Classification number QA76
Item number .H665
100 1# - AUTHOR
Personal name Horstmann, Cay S.,
245 10 - TITLE
Title Computing concepts with Java 2 essentials /
Statement of responsibility, etc Cay S. Horstmann.
250 ## - EDITION
Edition statement 2nd ed.
260 ## - PUBLICATION INFORMATION
Place of publication New York :
Name of publisher Wiley,
Year of publication c2000.
300 ## - DESCRIPTION
Number of Pages xvi, 762 p. :
Other physical details ill. (some col.) ;
Dimensions 24 cm.
500 ## - NOTES
General note Rev. ed. of: Computing concepts with Java essentials. 1998.
505 ## - FORMATTED CONTENTS NOTE
Table of Content Ch. 1. Introduction --<br/>Ch. 2. Fundamental Data Types --<br/>Ch. 3. An Introduction to Classes --<br/>Ch. 4. Applets and Graphics --<br/>Ch. 5. Decisions --<br/>Ch. 6. Iteration --<br/>Ch. 7. More About Methods --<br/>Ch. 8. Testing and Debugging --<br/>Ch. 9. Inheritance and Interfaces --<br/>Ch. 10. Event Handling --<br/>Ch. 11. Arrays and Vectors --<br/>Ch. 12. Graphical User Interfaces --<br/>Ch. 13. Streams and Exceptions --<br/>Ch. 14. Object-Oriented Design --<br/>Ch. 15. Algorithms --<br/>Ch. 16. An Introduction to Data Structures --<br/>App. A1. Java Language Coding Guidelines --<br/>App. A2. The Java Library --<br/>App. A3. The Basic Latin and Latin-1 Subsets of Unicode.
650 #0 - SUBJECTS
Topical Term Electronic data processing.
650 #0 - SUBJECTS
Topical Term Java (Computer program language)
700 1# - OTHER AUTHORS
Personal name Horstmann, Cay S.,
942 ## - ADDED ENTRY ELEMENTS (KOHA)
Koha item type Books
Holdings
Withdrawn status Lost status Collection code Home library Current library Shelving location Date acquired Full call number Accession Number Koha item type
    Reference Methodist University Library Main Methodist University Library Main General Stacks 17/02/2013 QA76 .H665 37026 Books
Copyright © 2026  MUG Library